Espanjan alueet kartalla - Statistics

Yleistilastot
  • Tätä visaa on pelattu 887 kertaa
  • Keskiarvotulos 9 / 17
Vastaukset kartalla
Vastauksille on annettu kartalla punavihreä väri sen mukaan, kuinka moni on saanut sen oikein.
 
Vastaustilastot
Vastaus % Oikein
Kanariansaaret
86%
Katalonia
82%
Madrid
74%
Baleaarit
73%
Andalusia
70%
Valencia
62%
Baskimaa
60%
Galicia
50%
Murcia
48%
Kastilia ja León
44%
Aragonia
42%
Asturia
38%
Extremadura
38%
Kastilia-La Mancha
38%
La Rioja
31%
Cantabria
30%
Navarra
30%
Ehtoja vastaavia visoja ei löytynyt
Tulosjakauma
Jokaisen tuloksen saaneiden osuus
Persentiili vastausten määrän mukaan
Tuloshistoriasi
Et ole pelannut tätä visaa